000 00237 a2200097 4500
001 51367
100 _aDr. Muhammad Shoaib Shahid
245 _aNefsiaty Clinick
260 _aLahore
_bAziz Publishers Urdu Bazar
_c
090 _c32557
_d32557
942 _aNUST-CAE
_cM
_c25066
999 _c286440
_d286440